| 000 | 00399nam a22001457a 4500 | ||
|---|---|---|---|
| 005 | 20150204160712.0 | ||
| 008 | 150204b xxu||||| |||| 00| 0 eng d | ||
| 040 | _cPK-LaUMT | ||
| 082 |
_aKHC 320.010954 _bCAB- |
||
| 100 | _aMuhammad Ashraf(Compiled) | ||
| 245 |
_aCabinet mission and after _cMuhammad Ashraf(Compiled) |
||
| 260 |
_aLahore _bMuhammad Ashraf _c[N.D] |
||
| 300 | _a431 p. | ||
| 942 | _cBK | ||
| 999 |
_c65914 _d65914 |
||